| 000 | 01389cam a2200397L 4500 | ||
|---|---|---|---|
| 001 | 82728 | ||
| 005 | 20230404125953.0 | ||
| 008 | 091207s2003 enk 000 u eng d | ||
| 010 | _a 2002025115 | ||
| 035 | _a(OCoLC)ocn702183789 | ||
| 040 |
_aDLC _cYUS |
||
| 020 | _a0195117611 (alk. paper) | ||
| 020 | _a9780195117615 (alk. paper) | ||
| 020 | _a0195117603 (pbk.) | ||
| 020 | _a9780195117608 (pbk.) | ||
| 035 | _a(OCoLC)702183789 | ||
| 041 | 1 |
_aeng _hspa |
|
| 042 | _apcc | ||
| 043 | _as-cl--- | ||
| 050 | 1 | 4 |
_a104 F 3095 _bP438t 2003 |
| 082 | 0 | 0 | _a983.03 |
| 100 | 1 |
_aPérez Rosales, Vicente, _d1807-1886. |
|
| 245 | 1 | 0 |
_aTimes gone by : _bmemoirs of a man of action / _cby Vicente Pérez Rosales ; translated from the Spanish by John H.R. Polt ; with an introduction and chronology by Brian Loveman. |
| 260 |
_aOxford ; _aNew York : _bOxford University Press, _cc 2003. |
||
| 300 |
_axxxii, 396 p. : _bport. ; _c22 cm. |
||
| 490 | 1 | _aLibrary of Latin America | |
| 651 | 4 | _aChile - Historia - Guerra de independencia, 1810-1824 | |
| 651 | 4 | _aChile - Historia, 1824-1924 | |
| 651 | 0 |
_aChile _xHistory _yWar of Independence, 1810-1824 _vAnecdotes. |
|
| 651 | 0 |
_aChile _xHistory _y1824-1924 _vAnecdotes. |
|
| 600 | 1 | 0 |
_aPérez Rosales, Vicente, _d1807-1886. |
| 700 | 1 | _aLoveman, Brian. | |
| 830 | 0 | _aLibrary of Latin America. | |
| 942 |
_2lcc _cbk |
||
| 994 |
_aC0 _bDRFGD |
||
| 999 |
_c8357 _d8357 |
||